| 000 | 00400cam a2200181ua 4500 | ||
|---|---|---|---|
| 001 | 6748 | ||
| 008 | 191121n II |||gr||||Z||||||eng | ||
| 040 | _aMAIN | ||
| 041 | _aEnglish | ||
| 041 | _aeng | ||
| 082 | _a370.11 BHA | ||
| 100 | _aBHATIA ,B.D. | ||
| 245 | _aTHE THEORY AND PRINCIPLES OF EDUCATION | ||
| 260 |
_a[s.l: _bs.n.] _c1981. |
||
| 300 | _a335. | ||
| 653 | _aEducation | ||
| 942 | _cBK | ||
| 999 |
_c6733 _d6733 |
||